Modern physics for degree students (Record no. 31040)

000 -LEADER
fixed length control field 00500nam a22002057a 4500
001 - CONTROL NUMBER
control field 31040
003 - CONTROL NUMBER IDENTIFIER
control field BD-DhUET
008 - FIXED-LENGTH DATA ELEMENTS--GENERAL INFORMATION
fixed length control field 150628b xxu||||| |||| 00| 0 eng d
040 ## - CATALOGING SOURCE
Original cataloging agency DLC
Transcribing agency DLC
Modifying agency BD-DhUET
082 ## - DEWEY DECIMAL CLASSIFICATION NUMBER
Classification number 539
Item number RAJ/1979
100 ## - MAIN ENTRY--PERSONAL NAME
Personal name Rajam, J. B
245 ## - TITLE STATEMENT
Title Modern physics for degree students
250 ## - EDITION STATEMENT
Edition statement 8th ed.
260 ## - PUBLICATION, DISTRIBUTION, ETC. (IMPRINT)
Place of publication, distribution, etc. New Delhi
Name of publisher, distributor, etc. S.Chand
Date of publication, distribution, etc. 1979
300 ## - PHYSICAL DESCRIPTION
Extent xii, 602p.
Other physical details ill.
650 #0 - SUBJECT ADDED ENTRY--TOPICAL TERM
Topical term or geographic name as entry element Modern physics
700 ## - ADDED ENTRY--PERSONAL NAME
Personal name Subrahmanyam, N.
700 ## - ADDED ENTRY--PERSONAL NAME
Personal name Lal, Brij
942 ## - ADDED ENTRY ELEMENTS (KOHA)
Koha item type General Book
Holdings
Lost status Damaged status Koha normalized classification for sorting Koha item type Price effective from Not for loan Date acquired Withdrawn status Sublocation or collection (holding branch) Piece designation (barcode) Copy number Source of classification or shelving scheme Shelving location Koha full call number Koha date last seen Location (home branch)
  539_000000000000000_RAJ_1979Reading Item2015-06-28 2015-06-28 Central Library, BUET525731 Reading section539/RAJ/19792015-06-28Central Library, BUET
  539_000000000000000_RAJ_1979Reading Item2015-06-28 2015-06-28 Central Library, BUET525762 Reading section539/RAJ/19792015-06-28Central Library, BUET
  539_000000000000000_RAJ_1979Reading Item2015-07-09 2015-07-09 Central Library, BUET525743 Reading section539/RAJ/19792015-07-09Central Library, BUET